[Event "ESP-chT CECLUB Div2"]
[Site "Linares"]
[Date "2024.08.15"]
[Round "6.30"]
[White "Lobo Pereira, Arami"]
[Black "Garcia Trabanca, Ana"]
[Result "1-0"]
[WhiteElo "1944"]
[BlackElo "1835"]
[PlyCount "51"]
[EventDate "2024.08.11"]
[EventType "team-swiss"]
[EventRounds "7"]
[EventCountry "ESP"]
[SourceTitle "CBM 221 Extra"]
[Source "ChessBase"]
[SourceDate "2024.09.30"]
[SourceVersion "1"]
[SourceVersionDate "2024.09.30"]
[SourceQuality "1"]
[WhiteTeam "Llinars HGC Renting"]
[BlackTeam "Deportivo Elemental"]
[WhiteTeamCountry "ESP"]
[BlackTeamCountry "ESP"]

1. e4 c6 2. c4 d5 3. exd5 cxd5 4. d4 Nf6 5. Nc3 e6 6. Nf3 dxc4 7. Bxc4 Bd6 8. 0-0 a6 9. Bg5 0-0 10. d5 exd5 11. Nxd5 Be7 12. Nxe7+ Qxe7 13. Re1 Qc5 14. Rc1 Qb6 15. Ne5 Be6 16. Bxf6 gxf6 17. Bxe6 fxe5 18. Qg4+ Kh8 19. Bxf7 Qf6 20. Bc4 Qxf2+ 21. Kh1 Nc6 22. Qd7 Qd4 23. Qxb7 Na5 24. Qc7 Nxc4 25. Rxc4 Qxb2 26. Rh4 1-0

[Event "ESP-chT CECLUB Div2"]
[Site "Linares"]
[Date "2024.08.13"]
[Round "4.40"]
[White "Gomez Gonzalez, Raquel"]
[Black "Garcia Trabanca, Ana"]
[Result "1/2-1/2"]
[WhiteElo "1954"]
[BlackElo "1835"]
[PlyCount "97"]
[EventDate "2024.08.11"]
[EventType "team-swiss"]
[EventRounds "7"]
[EventCountry "ESP"]
[SourceTitle "CBM 221 Extra"]
[Source "ChessBase"]
[SourceDate "2024.09.30"]
[SourceVersion "1"]
[SourceVersionDate "2024.09.30"]
[SourceQuality "1"]
[WhiteTeam "Casa del Ajedrez de Sevilla"]
[BlackTeam "Deportivo Elemental"]
[WhiteTeamCountry "ESP"]
[BlackTeamCountry "ESP"]

1. Nf3 d5 2. d4 Nf6 3. g3 e6 4. Bg2 Be7 5. 0-0 0-0 6. Nbd2 c5 7. c3 Nc6 8. e3 b5 9. dxc5 Bxc5 10. Nb3 Bb6 11. Nfd4 Nxd4 12. Nxd4 Bd7 13. Re1 a6 14. a4 bxa4 15. c4 Rc8 16. cxd5 Nxd5 17. Bf1 Nb4 18. Bd2 a5 19. Bc3 Qe7 20. Bb5 Rfd8 21. Bxd7 Rxd7 22. Qxa4 Bxd4 23. exd4 Rd5 24. Rec1 Nd3 25. Rd1 Nb4 26. Rac1 Rb8 27. Ra1 Rc8 28. Rdc1 Rb8 29. Qd1 h6 30. Qe2 Qb7 31. Ra4 Qb5 32. Qxb5 Rbxb5 33. Bxb4 Rxd4 34. Rxa5 Rdxb4 35. Rxb5 Rxb5 36. Rb1 Kf8 37. Kf1 Ke7 38. Ke2 Kd6 39. Kd3 Kc6 40. h4 Rf5 41. Ke3 Re5+ 42. Kd3 Rf5 43. Ke3 Re5+ 44. Kd3 Rd5+ 45. Ke3 Re5+ 46. Kd3 Rd5+ 47. Ke3 Re5+ 48. Kd3 Rd5+ 49. Ke4 1/2-1/2

[Event "Collado Villalba Grupo Gallinero op 1st"]
[Site "Collado Villalba"]
[Date "2022.08.17"]
[Round "9"]
[White "Garcia Trabanca, Ana"]
[Black "Camarero Izquierdo, Juan Carlos"]
[Result "1-0"]
[WhiteElo "1454"]
[BlackElo "1702"]
[PlyCount "117"]
[EventDate "2022.08.12"]
[EventType "swiss"]
[EventRounds "9"]
[EventCountry "ESP"]
[SourceTitle "CBM 210 Extra"]
[Source "ChessBase"]
[SourceDate "2022.11.30"]
[SourceVersion "1"]
[SourceVersionDate "2022.11.30"]
[SourceQuality "1"]

1. d4 f5 2. Bg5 d5 3. c4 c6 4. e3 Qb6 5. Qb3 e6 6. Nf3 Qc7 7. Bf4 Qd8 8. cxd5 exd5 9. Bd3 Nf6 10. 0-0 Bd6 11. Bxd6 Qxd6 12. Nbd2 0-0 13. Ne5 Kh8 14. Ndf3 Ne4 15. Rac1 Nd7 16. Nxd7 Qxd7 17. Ne5 Qe8 18. Qc2 Be6 19. a3 Rf6 20. Be2 Rh6 21. Nd3 Qe7 22. g3 Rf8 23. Bf3 Bf7 24. Ne5 Bh5 25. Bg2 Qg5 26. f4 Qe7 27. Rfe1 g5 28. Bf3 Bxf3 29. Nxf3 g4 30. Ne5 Rh3 31. Kg2 Qg7 32. Rh1 h5 33. Nd3 h4 34. Nf2 hxg3 35. Nxe4 fxe4 36. hxg3 Qh7 37. Qc5 Kg7 38. Qe7+ Rf7 39. Qg5+ Kf8 40. Qd8+ Kg7 41. Qg5+ Kf8 42. Qd8+ Kg7 43. Qg5+ Kf8 44. Qd8+ Kg7 45. Qg5+ Kf8 46. Qxg4 Rh6 47. Rxh6 Qxh6 48. Rh1 Qf6 49. Qc8+ Ke7 50. Qxb7+ Kd6 51. Qb8+ Ke6 52. Qc8+ Kd6 53. Rh8 Rd7 54. Qb8+ Ke6 55. Re8+ Re7 56. Qc8+ Kf7 57. Rf8+ Kg7 58. Rxf6 Kxf6 59. Qxc6+ 1-0

[Event "ESP-ch U14 Rapid"]
[Site "Salobrena"]
[Date "2022.07.23"]
[Round "1"]
[White "Lozano Casasayas, Marc"]
[Black "Garcia Trabanca, Ana"]
[Result "1-0"]
[WhiteElo "1552"]
[BlackElo "1270"]
[PlyCount "67"]
[EventDate "2022.07.23"]
[EventType "swiss (rapid)"]
[EventRounds "9"]
[EventCountry "ESP"]
[SourceTitle "EXT 2023"]
[Source "ChessBase"]
[SourceDate "2022.10.05"]
[SourceVersion "1"]
[SourceVersionDate "2022.10.05"]
[SourceQuality "1"]

1. e4 c5 2. Nf3 d6 3. Bb5+ Bd7 4. Bxd7+ Nxd7 5. b3 Ngf6 6. Qe2 e6 7. Bb2 Be7 8. 0-0 0-0 9. c4 a6 10. d4 cxd4 11. Nxd4 Rc8 12. Nc3 Re8 13. Kh1 Qb6 14. Rad1 Rcd8 15. f4 d5 16. e5 Ne4 17. Nxe4 dxe4 18. Qxe4 Nc5 19. Qf3 a5 20. Nb5 a4 21. b4 Na6 22. a3 Rxd1 23. Rxd1 Rc8 24. Nd6 Rd8 25. Bd4 Qc7 26. c5 Rd7 27. f5 Bxd6 28. exd6 Qd8 29. fxe6 fxe6 30. Qg4 Qe8 31. Re1 Rf7 32. h3 Nb8 33. Rxe6 Qb5 34. Re7 1-0

[Event "Collado Villalba op 38th"]
[Site "Collado Villalba"]
[Date "2021.08.26"]
[Round "6"]
[White "Rojas Fernandez, Antonio"]
[Black "Garcia Trabanca, Ana"]
[Result "1-0"]
[WhiteElo "1642"]
[BlackElo "1168"]
[PlyCount "89"]
[EventDate "2021.08.21"]
[EventType "swiss"]
[EventRounds "9"]
[EventCountry "ESP"]
[SourceTitle "CBM 204 Extra"]
[Source "ChessBase"]
[SourceDate "2021.11.30"]
[SourceVersion "1"]
[SourceVersionDate "2021.11.30"]
[SourceQuality "1"]

1. e4 c5 2. b3 d6 3. Bb2 e6 4. Bb5+ Bd7 5. Bxd7+ Nxd7 6. f4 Ngf6 7. Nc3 Be7 8. Nf3 0-0 9. 0-0 a6 10. a4 Rc8 11. d3 Ng4 12. Qe2 Ndf6 13. h3 Nh6 14. g4 Nhxg4 15. hxg4 Nxg4 16. Nh2 Nf6 17. Qg2 Nh5 18. Ne2 Bf6 19. Bxf6 Qxf6 20. Qg5 Qg6 21. Qxg6 fxg6 22. a5 Rc7 23. Rf2 Rcf7 24. Raf1 Nf6 25. Ng3 h5 26. Kg2 Nd7 27. Ne2 Nf6 28. Ng1 Nh7 29. Nh3 Kh8 30. Ng5 Rf6 31. Rf3 Kg8 32. R1f2 Kh8 33. Nf1 Kg8 34. Ne3 Nxg5 35. fxg5 Rxf3 36. Rxf3 Rxf3 37. Kxf3 Kf7 38. Nc4 Ke7 39. e5 d5 40. Nd6 Kd7 41. c4 d4 42. Nxb7 Kc6 43. Nd6 Kd7 44. Ne4 Kc6 45. Kg3 1-0

[Event "Collado Villalba op 38th"]
[Site "Collado Villalba"]
[Date "2021.08.24"]
[Round "4"]
[White "Palomo Monserrat, Lorenzo"]
[Black "Garcia Trabanca, Ana"]
[Result "1-0"]
[WhiteElo "1451"]
[BlackElo "1168"]
[PlyCount "61"]
[EventDate "2021.08.21"]
[EventType "swiss"]
[EventRounds "9"]
[EventCountry "ESP"]
[SourceTitle "CBM 204 Extra"]
[Source "ChessBase"]
[SourceDate "2021.11.30"]
[SourceVersion "1"]
[SourceVersionDate "2021.11.30"]
[SourceQuality "1"]

1. d4 Nf6 2. Nf3 e6 3. c4 c5 4. g3 cxd4 5. Nxd4 g6 6. Bg2 Bg7 7. 0-0 0-0 8. Nc3 d6 9. Ndb5 Ne8 10. Bf4 e5 11. Be3 a6 12. Na3 Nc6 13. Qd2 Be6 14. Rad1 Qd7 15. Nd5 Bxd5 16. Qxd5 Nb4 17. Qd2 Nc6 18. Nc2 Qe6 19. b3 a5 20. Na3 Nc7 21. Qxd6 Qxd6 22. Rxd6 Rfb8 23. Bxc6 Bf8 24. Rd7 Bxa3 25. Bg2 Ne8 26. Rxb7 Rxb7 27. Bxb7 Rb8 28. Bd5 Nc7 29. Rd1 Kg7 30. Bxf7 Kxf7 31. Rd7+ 1-0

[Event "Collado Villalba op 38th"]
[Site "Collado Villalba"]
[Date "2021.08.22"]
[Round "2"]
[White "Garcia Varea, Benjamin"]
[Black "Garcia Trabanca, Ana"]
[Result "0-1"]
[WhiteElo "1551"]
[BlackElo "1168"]
[PlyCount "62"]
[EventDate "2021.08.21"]
[EventType "swiss"]
[EventRounds "9"]
[EventCountry "ESP"]
[SourceTitle "CBM 204 Extra"]
[Source "ChessBase"]
[SourceDate "2021.11.30"]
[SourceVersion "1"]
[SourceVersionDate "2021.11.30"]
[SourceQuality "1"]

1. e4 c5 2. Nf3 d6 3. d4 cxd4 4. Nxd4 Nf6 5. Nc3 e6 6. Be3 Be7 7. g4 e5 8. Nf5 Bxf5 9. gxf5 a6 10. Rg1 g6 11. Bc4 Nbd7 12. Nd5 Nxe4 13. Qf3 Nef6 14. fxg6 hxg6 15. 0-0-0 Rh4 16. Bb3 e4 17. Qg3 Ng4 18. Bf4 Nde5 19. h3 Nf3 20. Nxe7 Nxg1 21. Qxh4 Ne2+ 22. Kb1 Qxe7 23. Qxg4 Nxf4 24. Qxf4 Rd8 25. Bd5 f5 26. Qh6 Qf6 27. Qh7 Rd7 28. Qg8+ Ke7 29. Qc8 Qh4 30. Qg8 Qh5 31. Be6 Qxd1# 0-1

[Event "Madrid-ch U12"]
[Site "Madrid"]
[Date "2021.04.25"]
[Round "5"]
[White "Lopez Carrazana, Darvin Alejandro"]
[Black "Garcia Trabanca, Ana"]
[Result "1/2-1/2"]
[WhiteElo "1478"]
[BlackElo "1022"]
[PlyCount "72"]
[EventDate "2021.04.17"]
[EventType "swiss"]
[EventRounds "5"]
[EventCountry "ESP"]
[SourceTitle "EXT 2023"]
[Source "ChessBase"]
[SourceDate "2022.10.05"]
[SourceVersion "1"]
[SourceVersionDate "2022.10.05"]
[SourceQuality "1"]

1. e4 c5 2. Nf3 d6 3. d4 cxd4 4. Nxd4 Nf6 5. Nc3 e6 6. Bg5 Be7 7. Bb5+ Bd7 8. Bxd7+ Nbxd7 9. 0-0 0-0 10. Ndb5 Qb6 11. Rb1 a6 12. Be3 Qc6 13. Nd4 Qc7 14. h3 Nc5 15. f3 h6 16. Nde2 Rac8 17. Qd2 Rfd8 18. Rbc1 b5 19. a3 d5 20. exd5 Nxd5 21. Nxd5 Rxd5 22. Qe1 Qe5 23. Bd4 Qd6 24. Be3 Nd7 25. Kh1 Qe5 26. Nc3 Rd6 27. Qf2 Rdc6 28. Rfe1 Bd6 29. f4 Qf5 30. Qf3 Nf6 31. Rf1 b4 32. axb4 Bxb4 33. Bd4 Bxc3 34. bxc3 Ne4 35. g4 Qh7 36. Qg2 Nxc3 1/2-1/2